000 00416nam a2200169 4500
001 44092
090 _a44092
100 _a20250113 pory50
101 _apor
102 _aPT
200 _aA bela adormecida
_grealiz e coord. EDITEC
_gtrad. Rita Bruno
210 _aBarcelona
_cRBA
_d[cop. 2004]
215 _a25 p.
_cil.
225 _aOs teus contos clássicos
675 _a82-93
801 _aPT
_gRPC
990 _cLIVROS